000 00366nam a2200133Ia 4500
008 151001s9999||||xx |||||||||||||| ||und||
100 _aGalsworthy John
245 4 _aThe man of Property
250 _a1
260 _bW.Heineman Ltd.
260 _c1972
300 _a395
365 _b18
999 _c962925
_d962922